| 000 | 00697cam a22002171 4500 | ||
|---|---|---|---|
| 001 | sa 65010206 | ||
| 003 | DLC | ||
| 005 | 20260227112207.0 | ||
| 008 | 890107s1961 io 100 0 ind | ||
| 010 | _asa 65010206 | ||
| 035 | _a(OCoLC)23554336 | ||
| 040 |
_aDLC _cMiU _dDLC |
||
| 042 | _apremarc | ||
| 050 | 0 | 0 |
_aHX404 _b.C616 |
| 111 | 2 | _aConference of Communist and Workers' Parties of the Socialist Countries. | |
| 240 | 0 | 0 |
_aPbrashchenie k narodam vsego mira. Programmnye dokumenty borʹby za mir, demokratii͡u i st͡sialism. _lIndonesian. |
| 245 | 1 | 0 | _aSeruan kepada rakjat sedunia. |
| 260 |
_aDjakarta, _bJajasan Pembaruan, _c1961. |
||
| 300 |
_a18 p. _c14 cm. |
||
| 650 | 0 | _aCommunism | |
| 999 |
_c66622 _d66622 |
||